| 000 | 00418nam a2200169 a 4500 | ||
|---|---|---|---|
| 001 | 0000-8890 | ||
| 003 | ELIB.Books | ||
| 008 | 110520 1964 | ||
| 035 | _a(ELIB.Books)0000-9038 | ||
| 082 |
_a231.3 _bKel |
||
| 100 | _aKelsey, Morton T | ||
| 245 | _aTongue Speaking | ||
| 260 |
_bNew York: Doubleday and Company,Inc. _c1964 |
||
| 650 | _aGod | ||
| 942 |
_2ddc _cBK |
||
| 998 |
_cbat _e2011-05-20 |
||
| 999 |
_c8890 _d8890 |
||